<?xml version="1.0" encoding="UTF-8"?><?xml-stylesheet type="text/xsl" href="static/style.xsl"?><OAI-PMH xmlns="http://www.openarchives.org/OAI/2.0/" xmlns:xsi="http://www.w3.org/2001/XMLSchema-instance" xsi:schemaLocation="http://www.openarchives.org/OAI/2.0/ http://www.openarchives.org/OAI/2.0/OAI-PMH.xsd"><responseDate>2026-04-13T02:52:12Z</responseDate><request verb="GetRecord" identifier="oai:www.recercat.cat:2117/327793" metadataPrefix="marc">https://recercat.cat/oai/request</request><GetRecord><record><header><identifier>oai:recercat.cat:2117/327793</identifier><datestamp>2025-07-22T15:56:17Z</datestamp><setSpec>com_2072_1033</setSpec><setSpec>col_2072_452951</setSpec></header><metadata><record xmlns="http://www.loc.gov/MARC21/slim" xmlns:dcterms="http://purl.org/dc/terms/" xmlns:xsi="http://www.w3.org/2001/XMLSchema-instance" xmlns:doc="http://www.lyncode.com/xoai" xsi:schemaLocation="http://www.loc.gov/MARC21/slim http://www.loc.gov/standards/marcxml/schema/MARC21slim.xsd">
   <leader>00925njm 22002777a 4500</leader>
   <datafield ind2=" " ind1=" " tag="042">
      <subfield code="a">dc</subfield>
   </datafield>
   <datafield ind2=" " ind1=" " tag="720">
      <subfield code="a">Vila Alperi, Marc</subfield>
      <subfield code="e">author</subfield>
   </datafield>
   <datafield ind2=" " ind1=" " tag="260">
      <subfield code="c">2020-07-13</subfield>
   </datafield>
   <datafield ind2=" " ind1=" " tag="520">
      <subfield code="a">Over the last decades the use of drones, or known better by RPAS (Remotely Piloted Aircraft Systems), have gone from being something only seen and thought of in the military world, to being one of the emerging industries with greater potential we&amp;#8217;ve seen in the last few years. Given that drones are easy to use while also being accessible and have endless applications, they have shown much potential for any type of field, from photography , construction, surveillance, etc.. The goal of this project is to design and generate a route for the vertical evaluation of buildings, meaning that will be shown how to take advantage of the given nature of drones to automatically generate a route surrounding a building or a given volume from one height to another for many data gathering applications. It will also be discussed many of the uses that drones have for similar purposes, the design and thought process behind the shape of the route and how the different variations of the routes are generated and also what is the vision or possible applications that this route can have and what can be the future developments these can have in the near future.</subfield>
   </datafield>
   <datafield ind2=" " ind1=" " tag="520">
      <subfield code="a">Durante las últimas décadas el uso de los drones, o como se les llama por su&#xd;
nombre técnico RPAS (Remotely Piloted Aircraft Systems), han pasado de&#xd;
algo que se veía solo en ámbitos militares a ser una de las industrias&#xd;
emergentes con más potencial en los últimos años. Dado su fácil uso,&#xd;
accesibilidad e infinidad de posibles aplicaciones, han mostrado un potencial&#xd;
para todo tipo de ámbitos muy elevado, desde la fotografía, la construcción,&#xd;
envío de cargamento, vigilancia, etc..&#xd;
Este proyecto tiene como objetivo diseñar y generar rutas para la evaluación&#xd;
vertical de edificios, es decir, aprovechar la naturaleza de los drones para&#xd;
poder, de manera automática, llevar a cabo una ruta rodeando a un edificio o&#xd;
volumen desde una altura a otra que sea introducido mediante un usuario para&#xd;
varios tipos de aplicaciones.&#xd;
Se hablará del uso que tienen los drones para este tipo de aplicaciones, el&#xd;
porqué de las formas y diseños de las rutas y sus diferentes variaciones,&#xd;
también se hablará de cómo podrían ser implementadas en el mundo actual y&#xd;
cuales son los usos sugeridos así como en un futuro se podría ampliar este&#xd;
tópico para abarcar más terreno dentro de este mundo.</subfield>
   </datafield>
   <datafield tag="653" ind2=" " ind1=" ">
      <subfield code="a">Àrees temàtiques de la UPC::Aeronàutica i espai</subfield>
   </datafield>
   <datafield tag="653" ind2=" " ind1=" ">
      <subfield code="a">Drone aircraft</subfield>
   </datafield>
   <datafield tag="653" ind2=" " ind1=" ">
      <subfield code="a">Rutas Dron RPAS Evaluación Edificio Vertical</subfield>
   </datafield>
   <datafield tag="653" ind2=" " ind1=" ">
      <subfield code="a">Avions no tripulats</subfield>
   </datafield>
   <datafield ind2="0" ind1="0" tag="245">
      <subfield code="a">Diseño y desarrollo de rutas para la evaluación vertical de edificios con drones</subfield>
   </datafield>
</record></metadata></record></GetRecord></OAI-PMH>